Digital design (E-Book) (Record no. 192648)

000 -LEADER
fixed length control field 00359 a2200145 4500
003 - CONTROL NUMBER IDENTIFIER
control field Nust
005 - DATE AND TIME OF LATEST TRANSACTION
control field 20170207154041.0
040 ## - CATALOGING SOURCE
Transcribing agency Nust
100 ## - MAIN ENTRY--PERSONAL NAME
Personal name M. MORRIS MANO,MICHAEL D. CILETTI
245 ## - TITLE STATEMENT
Title Digital design (E-Book)
Statement of responsibility, etc. M. MORRIS MANO,MICHAEL D. CILETTI
250 ## - EDITION STATEMENT
Edition statement 4th ed
260 ## - PUBLICATION, DISTRIBUTION, ETC.
Place of publication, distribution, etc. inh
Name of publisher, distributor, etc. Upper Saddle River
Date of publication, distribution, etc. 2007
300 ## - PHYSICAL DESCRIPTION
Extent 294p;
651 ## - SUBJECT ADDED ENTRY--GEOGRAPHIC NAME
Geographic name (E-Book)
942 ## - ADDED ENTRY ELEMENTS (KOHA)
Source of classification or shelving scheme
Koha item type Book
Holdings
Withdrawn status Lost status Source of classification or shelving scheme Damaged status Not for loan Collection code Permanent Location Current Location Date acquired Total Checkouts Barcode Date last seen Price effective from Koha item type
            Military College of Signals (MCS) Military College of Signals (MCS) 12/12/2016   MCSEB-2024 12/08/2016 12/12/2016 Book
© 2023 Central Library, National University of Sciences and Technology. All Rights Reserved.